000 00446nam a2200181Ia 4500
001 368
005 20260306140512.0
008 260306t2007||||xx |||||||||||||| ||spa||
041 _aESP
082 _a110
_bB82
100 _aBrentano, Franz
_eAUT
245 0 _aSobre los múltiples significados del ente según Aristóteles
260 _c2007
300 _a287 páginas :
_c23 cm
650 _aGEN
654 _aCHU
942 _cLIB
_dJUS
_fJUS
_2ddc
_n
999 _c368
_d368